000 00482nam a22001577a 4500
003 OSt
005 20221031192729.0
008 221006b |||||||| |||| 00| 0 eng d
040 _cBiblioteca Lado V
082 _a750
_bA367p
100 _9271
_aAlemán, Carmen
_ecuradora
245 _aPanama Contemporáneo 15 artistas Panameños/
260 _c2001
_aPanama
_bMinisterio de Relaciones Exteriores
300 _a95p.
_c23x30cm
942 _2ddc
_c1
_h750
_iA367p
_n0
999 _c2446
_d2446